[Event "Chess Stars 5.0 Rapid"]
[Site "Moscow RUS"]
[Date "2025.06.26"]
[Round "1.1"]
[White "Assaubayeva, Bibisara"]
[Black "Gunina, Valentina"]
[Result "1-0"]
[WhiteTitle "IM"]
[BlackTitle "GM"]
[WhiteElo "2509"]
[BlackElo "2416"]
[WhiteFideId "13708694"]
[BlackFideId "4167570"]
[EventDate "2025.06.26"]

1. e4 c6 2. d4 d5 3. exd5 cxd5 4. c4 Nf6 5. Nc3 Nc6 6. Nf3 Bg4 7. cxd5 Nxd5 8.
Qb3 Bxf3 9. gxf3 e6 10. Qxb7 Nxd4 11. Bb5+ Nxb5 12. Qc6+ Ke7 13. Qc5+ Ke8 14.
Qxb5+ Qd7 15. Nxd5 exd5 16. Qd3 Bb4+ 17. Kf1 f6 18. Kg2 Kf7 19. a3 Bc5 20. b4
Bb6 21. Bf4 h5 22. h4 Rac8 23. Rhc1 d4 24. a4 Rxc1 25. Qb3+ Kg6 26. Rxc1 Qf5 27.
Bg3 a5 28. Rc6 Bd8 29. Rc5 Qd7 30. Rd5 Qf7 31. Qd3+ f5 32. Rxd4 Bf6 33. Rd5 Qe6
34. b5 Rc8 35. b6 Rc3 36. Qxc3 Qxd5 37. Qc8 f4 38. Bxf4 Bxh4 39. Qe8+ Kf6 40.
Qe5+ Qxe5 41. Bxe5+ Kxe5 42. b7 Be7 43. b8=Q+ Kf6 44. Qb6+ 1-0

[Event "Chess Stars 5.0 Rapid"]
[Site "Moscow RUS"]
[Date "2025.06.26"]
[Round "1.2"]
[White "Tomashevsky, Evgeny"]
[Black "Lagno, Kateryna"]
[Result "1/2-1/2"]
[WhiteTitle "GM"]
[BlackTitle "GM"]
[WhiteElo "2681"]
[BlackElo "2515"]
[WhiteFideId "4147235"]
[BlackFideId "14109336"]
[EventDate "2025.06.26"]

1. c4 e6 2. Nc3 d5 3. d4 Nf6 4. cxd5 exd5 5. Bg5 Be7 6. e3 h6 7. Bh4 Bg4 8. Be2
Bxe2 9. Ngxe2 c6 10. O-O O-O 11. Bxf6 Bxf6 12. b4 a6 13. a4 Nd7 14. b5 axb5 15.
axb5 Nb6 16. bxc6 bxc6 17. Qc2 Be7 18. Na4 Nc4 19. Nb2 Nxb2 20. Qxb2 Qd7 21.
Rfc1 Bd6 22. Qc3 Rxa1 23. Qxa1 Rc8 24. Qa6 h5 25. h3 h4 26. Kf1 g6 27. Ng1 Be7
28. Nf3 Bf6 29. Rb1 Kg7 30. Kg1 Rc7 31. Qa8 c5 32. dxc5 Rxc5 33. Rd1 Qf5 34. Qa4
Qc2 35. Qxc2 Rxc2 36. Rxd5 Rc1+ 37. Kh2 Rc2 38. Nd2 Be5+ 39. f4 Bc3 40. Nf3 Re2
41. Nxh4 Rxe3 42. Nf3 Re4 43. f5 Rf4 44. fxg6 fxg6 45. Kg3 Rf7 46. h4 Bf6 47.
Ra5 Rb7 48. Ra4 Rd7 49. Kg4 Rb7 50. g3 Rd7 51. Ra6 Rb7 52. Nh2 Rb4+ 53. Kh3 Be5
54. Re6 Bb8 55. Re7+ Kf8 56. Re3 Kg7 57. Nf3 Bd6 58. Re6 Rb3 59. Kg2 Rb2+ 60.
Kh3 Rb3 61. Rxd6 Rxf3 62. Kg4 1/2-1/2

[Event "Chess Stars 5.0 Rapid"]
[Site "Moscow RUS"]
[Date "2025.06.26"]
[Round "1.3"]
[White "Artemiev, Vladislav"]
[Black "Goryachkina, Aleksandra"]
[Result "1-0"]
[WhiteTitle "GM"]
[BlackTitle "GM"]
[WhiteElo "2676"]
[BlackElo "2533"]
[WhiteFideId "24101605"]
[BlackFideId "4147103"]
[EventDate "2025.06.26"]

1. Nf3 d5 2. g3 g6 3. Bg2 Bg7 4. O-O Nf6 5. c4 c6 6. b3 Ne4 7. d4 O-O 8. Bb2 Bf5
9. Nh4 Be6 10. Qc2 Nd6 11. Nd2 a5 12. e4 Nxe4 13. Nxe4 dxe4 14. Bxe4 a4 15. Nf3
Qb6 16. Bc3 Rd8 17. Ng5 Bg4 18. d5 Bxc3 19. Qxc3 h6 20. Nf3 Bxf3 21. Bxf3 axb3
22. axb3 Rxa1 23. Rxa1 c5 24. Qe3 Qd6 25. Ra7 Nd7 26. Rxb7 Ne5 27. Be2 h5 28.
Kg2 Rd7 29. Rb5 Rc7 30. Rb8+ Kg7 31. Re8 f6 32. Ra8 Rb7 33. Rc8 Rc7 34. Rb8 Ra7
35. Rc8 Rc7 36. Ra8 Rb7 37. h3 Qb6 38. Bd1 Ra7 39. Re8 Qd6 40. Rc8 Rc7 41. Ra8
Rb7 42. Bc2 Rc7 43. Qc3 Nf7 44. f4 Qb6 45. Ra1 Ra7 46. Re1 Ra2 47. Rxe7 Kf8 48.
Re6 Qb4 49. Qd3 Qa3 50. Re2 Qc1 51. Qd1 Qxd1 52. Bxd1 Rxe2+ 53. Bxe2 f5 54. Kf3
Ke7 55. Ke3 Kd6 56. Kd2 Kc7 57. Bd3 Kb6 58. g4 hxg4 59. hxg4 Nd6 60. gxf5 gxf5
61. Kc3 Ka5 62. Bc2 Kb6 63. b4 1-0

[Event "Chess Stars 5.0 Rapid"]
[Site "Moscow RUS"]
[Date "2025.06.26"]
[Round "1.4"]
[White "Radjabov, Teimour"]
[Black "Karjakin, Sergey"]
[Result "1/2-1/2"]
[WhiteTitle "GM"]
[BlackTitle "GM"]
[WhiteElo "2692"]
[BlackElo "2750"]
[WhiteFideId "13400924"]
[BlackFideId "14109603"]
[EventDate "2025.06.26"]

1. e4 e5 2. Nf3 Nc6 3. Bb5 Nf6 4. O-O Nxe4 5. Re1 Nd6 6. Nxe5 Be7 7. Bf1 Nxe5 8.
Rxe5 O-O 9. d4 Bf6 10. Re1 Re8 11. Rxe8+ Nxe8 12. c3 d5 13. Bf4 c6 14. Bd3 g6
15. Nd2 Ng7 16. Qe2 Bf5 17. Bxf5 Nxf5 18. Re1 Qd7 19. Nf3 Ng7 20. Be5 Re8 21.
Qd1 Bxe5 22. Rxe5 f6 23. Rxe8+ Nxe8 24. Ne1 Nd6 25. Nd3 1/2-1/2

[Event "Chess Stars 5.0 Rapid"]
[Site "Moscow RUS"]
[Date "2025.06.26"]
[Round "1.5"]
[White "Sadhwani, Raunak"]
[Black "Hou, Yifan"]
[Result "1-0"]
[WhiteTitle "GM"]
[BlackTitle "GM"]
[WhiteElo "2672"]
[BlackElo "2633"]
[WhiteFideId "35093487"]
[BlackFideId "8602980"]
[EventDate "2025.06.26"]

1. e4 c5 2. Nf3 d6 3. d4 cxd4 4. Nxd4 Nf6 5. Nc3 a6 6. Be3 e6 7. a3 Nc6 8. Qe2
Nxd4 9. Bxd4 e5 10. Be3 Be6 11. O-O-O Rc8 12. Qe1 Qc7 13. Bd3 Be7 14. f4 O-O 15.
f5 Bc4 16. Bxc4 Qxc4 17. Bg5 Rfd8 18. Kb1 d5 19. Bxf6 Bxf6 20. Rxd5 Rxd5 21.
exd5 e4 22. Qxe4 Bxc3 23. Qxc4 Rxc4 24. bxc3 Kf8 25. Kb2 Rc5 26. Rd1 Ke7 27. Rd4
b5 28. c4 bxc4 29. Kc3 Kd6 30. Rxc4 Ra5 31. a4 Kxd5 32. Rg4 Rc5+ 33. Kd3 Kd6 34.
Rxg7 Rxf5 35. Rxh7 Rf4 36. Rh6+ f6 37. a5 Ke6 38. Rh5 Rf2 39. g3 Kd6 40. c4 Ra2
41. Kd4 Rd2+ 42. Kc3 Ra2 43. Kb3 Re2 44. g4 Re1 45. Rd5+ Ke6 46. Kb4 Re2 47. h3
Re3 48. Rh5 Kd6 49. Rh6 Ke5 50. Kc5 Rb3 51. h4 Rb8 52. g5 Rc8+ 53. Kb6 fxg5 54.
hxg5 Rxc4 55. Kxa6 Rg4 56. Rb6 Kd5 57. g6 1-0

[Event "Chess Stars 5.0 Rapid"]
[Site "Moscow RUS"]
[Date "2025.06.26"]
[Round "2.1"]
[White "Gunina, Valentina"]
[Black "Hou, Yifan"]
[Result "0-1"]
[WhiteTitle "GM"]
[BlackTitle "GM"]
[WhiteElo "2416"]
[BlackElo "2633"]
[WhiteFideId "4167570"]
[BlackFideId "8602980"]
[EventDate "2025.06.26"]

1. d4 Nf6 2. c4 e6 3. Nf3 d5 4. Nc3 h6 5. e3 Nbd7 6. c5 c6 7. b4 Qc7 8. Bb2 Be7
9. Bd3 b6 10. O-O a5 11. a3 Ba6 12. b5 cxb5 13. c6 Qxc6 14. Rc1 Qb7 15. Nxb5 O-O
16. Rc7 Qb8 17. Qc2 Rc8 18. Rc1 Ne8 19. Rxc8 Qxc8 20. Qe2 Qd8 21. e4 dxe4 22.
Bxe4 Bxb5 23. Qxb5 Nd6 24. Qd3 Nxe4 25. Qxe4 Rc8 26. Rxc8 Qxc8 27. d5 Bf6 28.
dxe6 Bxb2 29. exd7 Qxd7 30. Qa8+ Kh7 31. Qe4+ f5 32. Qb1 Bxa3 33. Ne5 Qe6 34. f4
Bc5+ 35. Kf1 Bd4 36. Nf3 Bf6 37. Qb5 Kh8 38. Kf2 Kh7 39. h3 Kg6 40. Kg3 Kh7 41.
h4 g6 42. Qa6 Bg7 43. Qa7 Qb3 44. h5 gxh5 45. Qd7 a4 46. Qxf5+ Kh8 47. Qc8+ Qg8
48. Qa6 a3 49. Kh2 a2 50. Ne5 Bxe5 51. fxe5 h4 52. Qf1 Qe6 53. Kg1 Kg7 54. Qa1
Kf7 55. Qc3 Kg6 56. Qd3+ Kg5 57. Qe3+ Kf5 58. Qc3 Qd5 59. Qc8+ Kxe5 60. Qc7+ Ke4
61. Qc2+ Kd4 62. Qb2+ Kc5 63. Kh2 Qd6+ 64. g3 Qxg3+ 65. Kh1 Qe1+ 66. Kh2 a1=Q
67. Qc2+ Qac3 0-1

[Event "Chess Stars 5.0 Rapid"]
[Site "Moscow RUS"]
[Date "2025.06.26"]
[Round "2.2"]
[White "Karjakin, Sergey"]
[Black "Sadhwani, Raunak"]
[Result "1/2-1/2"]
[WhiteTitle "GM"]
[BlackTitle "GM"]
[WhiteElo "2750"]
[BlackElo "2672"]
[WhiteFideId "14109603"]
[BlackFideId "35093487"]
[EventDate "2025.06.26"]

1. e4 e5 2. Nf3 Nc6 3. Bb5 Nf6 4. O-O Nxe4 5. Re1 Nd6 6. Nxe5 Be7 7. Bf1 Nxe5 8.
Rxe5 O-O 9. d4 Bf6 10. Re1 Re8 11. Bf4 Rxe1 12. Qxe1 Ne8 13. c3 d5 14. Bd3 g6
15. Nd2 Ng7 16. Qe2 c6 17. Re1 Bf5 1/2-1/2

[Event "Chess Stars 5.0 Rapid"]
[Site "Moscow RUS"]
[Date "2025.06.26"]
[Round "2.3"]
[White "Goryachkina, Aleksandra"]
[Black "Radjabov, Teimour"]
[Result "0-1"]
[WhiteTitle "GM"]
[BlackTitle "GM"]
[WhiteElo "2533"]
[BlackElo "2692"]
[WhiteFideId "4147103"]
[BlackFideId "13400924"]
[EventDate "2025.06.26"]

1. e4 e6 2. d4 d5 3. Nc3 a6 4. Nf3 Nf6 5. e5 Nfd7 6. Ne2 c5 7. c3 Nc6 8. a3 Be7
9. Nf4 g6 10. h4 Qa5 11. Rb1 cxd4 12. b4 Qc7 13. cxd4 Nb6 14. Bd3 Bd7 15. O-O
Na7 16. Bd2 Bb5 17. Re1 Bxd3 18. Nxd3 Nc4 19. a4 b5 20. Bg5 bxa4 21. Bxe7 Qxe7
22. Qxa4+ Nb5 23. Rec1 O-O 24. Qd1 a5 25. bxa5 Rxa5 26. h5 Rfa8 27. Rb3 Kg7 28.
Nf4 Rc8 29. Ne2 Rc7 30. Nh2 Qg5 31. f4 Qxh5 32. Qe1 Qf5 33. Qf2 Nd2 34. Rxb5
Rxc1+ 35. Nxc1 Ne4 36. Qf1 Rxb5 37. g4 Ng3 38. gxf5 Nxf1 39. f6+ Kh6 40. Nxf1 g5
41. fxg5+ Kxg5 42. Ne2 h5 43. Kf2 Rb2 44. Kf3 h4 45. Ng1 Rb4 46. Nh3+ Kh6 47.
Ne3 Rxd4 48. Nf4 Ra4 49. Nh3 Ra3 50. Kf4 Kh5 51. Nf2 Ra2 52. Kf3 Ra4 53. Nd3 h3
54. Nf2 Ra3 55. Ke2 h2 56. Ned1 Rg3 57. Ne3 Rg5 58. Kf3 Rxe5 59. Neg4 Rf5+ 60.
Ke3 h1=Q 61. Kd4 0-1

[Event "Chess Stars 5.0 Rapid"]
[Site "Moscow RUS"]
[Date "2025.06.26"]
[Round "2.4"]
[White "Lagno, Kateryna"]
[Black "Artemiev, Vladislav"]
[Result "0-1"]
[WhiteTitle "GM"]
[BlackTitle "GM"]
[WhiteElo "2515"]
[BlackElo "2676"]
[WhiteFideId "14109336"]
[BlackFideId "24101605"]
[EventDate "2025.06.26"]

1. e4 e5 2. Nf3 Nc6 3. Bb5 g6 4. c3 a6 5. Bxc6 dxc6 6. d4 exd4 7. cxd4 Bg7 8.
Nc3 Ne7 9. h3 O-O 10. Bf4 h6 11. O-O g5 12. Be5 Ng6 13. Bxg7 Kxg7 14. Ne2 g4 15.
hxg4 Bxg4 16. Qd3 Qf6 17. e5 Qf5 18. Qxf5 Bxf5 19. Ng3 Be6 20. Nh5+ Kh8 21. Nf6
Rad8 22. b3 Nf4 23. Rae1 Bf5 24. Kh2 Nd5 25. g4 Bc8 26. g5 hxg5 27. Nxg5 Nxf6
28. exf6 Rxd4 29. f4 Rd6 30. Ne4 Rd5 31. Ng5 Rf5 32. Nxf7+ Rxf7 33. Re8+ Kh7 34.
Rxc8 Kg6 35. Kg3 Rh5 36. Rb8 b6 37. Rg8+ Kxf6 38. Rd8 Rg7+ 39. Kf3 Rh3+ 40. Ke4
Re7+ 41. Kd4 c5+ 42. Kc4 Re4+ 0-1

[Event "Chess Stars 5.0 Rapid"]
[Site "Moscow RUS"]
[Date "2025.06.26"]
[Round "2.5"]
[White "Assaubayeva, Bibisara"]
[Black "Tomashevsky, Evgeny"]
[Result "1/2-1/2"]
[WhiteTitle "IM"]
[BlackTitle "GM"]
[WhiteElo "2509"]
[BlackElo "2681"]
[WhiteFideId "13708694"]
[BlackFideId "4147235"]
[EventDate "2025.06.26"]

1. e4 e5 2. Nf3 Nc6 3. Bb5 a6 4. Ba4 Nf6 5. Nc3 Bc5 6. O-O b5 7. Bb3 d6 8. Nd5
h6 9. c3 O-O 10. d4 Bb6 11. Nxb6 cxb6 12. dxe5 dxe5 13. Qxd8 Rxd8 14. Be3 Rb8
15. Rfd1 Rd7 16. h3 Kf8 17. Bd5 Bb7 18. Bxb6 Ke8 19. a4 Nxd5 20. exd5 Ne7 21.
axb5 axb5 22. Nxe5 Rxd5 23. Re1 Ra8 24. Rxa8+ Bxa8 25. Ba5 Rd6 26. Bb4 Re6 27.
Bxe7 Kxe7 28. Nd3 Rxe1+ 29. Nxe1 Kd6 30. Nd3 Be4 31. Nb4 Kc5 32. b3 Bf5 33. Kf1
Kd6 34. Na2 Be6 35. Nc1 g5 36. Ke2 f5 37. g3 f4 38. gxf4 Bxh3 39. fxg5 hxg5 40.
Ke3 Kd5 41. Ne2 Bd7 42. Nd4 Ke5 43. Nf3+ Kf5 44. Nd4+ Ke5 45. b4 Be8 46. Ne2 Bc6
47. Nd4 Be8 48. Nb3 Bc6 49. Nd2 Bd7 50. Ne4 Kf5 51. Nd6+ Ke5 52. Nb7 Kd5 53. Nc5
Bf5 54. Nb3 Ke5 55. Nd2 Bd7 56. c4 bxc4 57. Nxc4+ Ke6 58. Kd4 Kf5 59. Ne5 Be8
60. Nd3 Bb5 61. Ke3 Be8 62. Ne1 Ke5 63. Nf3+ Kd5 64. Nd4 Kc4 65. b5 Kc5 66. Ne6+
Kb6 67. Nxg5 Bxb5 68. Kd4 Kc6 69. Ke5 Bd3 70. f4 Kd7 71. Ne6 Ke7 72. f5 Bxf5 73.
Kxf5 1/2-1/2

[Event "Chess Stars 5.0 Rapid"]
[Site "Moscow RUS"]
[Date "2025.06.26"]
[Round "3.1"]
[White "Tomashevsky, Evgeny"]
[Black "Gunina, Valentina"]
[Result "1-0"]
[WhiteTitle "GM"]
[BlackTitle "GM"]
[WhiteElo "2681"]
[BlackElo "2416"]
[WhiteFideId "4147235"]
[BlackFideId "4167570"]
[EventDate "2025.06.26"]

1. e4 c5 2. Nf3 Nc6 3. Bb5 e6 4. Bxc6 bxc6 5. d3 Ne7 6. Nbd2 Ng6 7. h4 d6 8. h5
Ne7 9. e5 d5 10. b3 Nf5 11. Bb2 Be7 12. Qe2 a5 13. a4 Qb6 14. Ba3 Ba6 15. g4 Nh6
16. Rg1 Kd7 17. c4 Rhg8 18. O-O-O g6 19. hxg6 Rxg6 20. Rh1 Rh8 21. Nh2 Bg5 22.
Kc2 Bf4 23. f3 Rhg8 24. Nhf1 Qb8 25. Re1 Rg5 26. Bb2 R8g6 27. Qf2 Qb4 28. Re2 f6
29. exf6 e5 30. Rh5 Rxh5 31. gxh5 Rxf6 32. Qh4 Re6 33. Qh3 Qb8 34. Ne3 Qf8 35.
cxd5 cxd5 36. Nxd5 Nf5 37. Nxf4 exf4 38. Rxe6 Kxe6 39. Nc4 Bc8 40. Qf1 Bb7 41.
Qe2+ Kd7 42. Bc3 Qh6 43. Qe5 Ne7 44. Bd2 Nd5 45. Nxa5 Ba8 46. Nc4 Bb7 47. a5 Ba8
48. Qb8 Bc6 49. a6 Qxh5 50. Ne5+ Ke6 51. Nxc6 Qxf3 52. Qe5+ Kf7 53. Qe4 Qxe4 54.
dxe4 Nb6 55. Bxf4 h5 56. a7 Ke6 57. Ne5 h4 58. Nc4 Na8 59. Kd3 Kd7 60. Ke2 1-0

[Event "Chess Stars 5.0 Rapid"]
[Site "Moscow RUS"]
[Date "2025.06.26"]
[Round "3.2"]
[White "Artemiev, Vladislav"]
[Black "Assaubayeva, Bibisara"]
[Result "1-0"]
[WhiteTitle "GM"]
[BlackTitle "IM"]
[WhiteElo "2676"]
[BlackElo "2509"]
[WhiteFideId "24101605"]
[BlackFideId "13708694"]
[EventDate "2025.06.26"]

1. Nf3 Nf6 2. g3 g6 3. b3 Bg7 4. Bb2 c5 5. Bg2 O-O 6. c4 d5 7. O-O d4 8. b4 Nc6
9. b5 Na5 10. d3 Qc7 11. Nbd2 a6 12. Qc2 e5 13. Nb3 Re8 14. Nfd2 Nxb3 15. Qxb3
axb5 16. cxb5 Be6 17. Qc2 Rxa2 18. Rxa2 Bxa2 19. Bxd4 exd4 20. Qxa2 Rxe2 21. Bf3
Re8 22. Qa7 Nd7 23. Qxb7 Qxb7 24. Bxb7 Rb8 25. Be4 Kf8 26. Rb1 f5 27. Bd5 Ne5
28. Rb3 g5 29. Nc4 Nxc4 30. Bxc4 Rb6 31. Ra3 Bf6 32. Ra8+ Kg7 33. Ra7+ Kg6 34.
Rc7 h5 35. Rxc5 h4 36. gxh4 gxh4 37. Kg2 Be7 38. Rc7 Bd6 39. Rd7 Be5 40. h3 Kg5
41. Kf3 Bd6 42. Rg7+ Kf6 43. Rh7 Kg5 44. Ra7 Be5 45. Ra1 Kf6 46. Rb1 Bc7 47. Bd5
Rd6 48. Bc6 Bb6 49. Ra1 Rd8 50. Re1 Ba5 51. Re2 Bb6 52. Kg2 Rg8+ 53. Kf1 Rd8 54.
Ke1 Rd6 55. Ra2 Rd8 56. Kd2 Ke5 57. Ra6 Rb8 58. Kc2 Kd6 59. Kb3 Kc7 60. Ra1 Rg8
61. Rc1 Kd6 62. Bf3 Rb8 63. Rc6+ Ke5 64. Kc4 Kf4 65. Bd5 Ba7 66. Rh6 Kg5 67. Ra6
Bb6 68. Rxb6 Rxb6 69. Kc5 Rb8 70. b6 Kf4 71. b7 Ke5 72. Bf3 Rg8 73. Kc6 Rg6+ 74.
Kc7 Rg7+ 75. Kb6 1-0

[Event "Chess Stars 5.0 Rapid"]
[Site "Moscow RUS"]
[Date "2025.06.26"]
[Round "3.3"]
[White "Radjabov, Teimour"]
[Black "Lagno, Kateryna"]
[Result "1-0"]
[WhiteTitle "GM"]
[BlackTitle "GM"]
[WhiteElo "2692"]
[BlackElo "2515"]
[WhiteFideId "13400924"]
[BlackFideId "14109336"]
[EventDate "2025.06.26"]

1. c4 e6 2. Nc3 d5 3. d4 Nf6 4. cxd5 exd5 5. Bg5 Be7 6. e3 h6 7. Bh4 Bg4 8. Qc2
O-O 9. Be2 Bxe2 10. Ngxe2 Nbd7 11. O-O c6 12. Rad1 Ne8 13. Bg3 Bh4 14. f3 Bxg3
15. Nxg3 Nb6 16. e4 f6 17. Rfe1 Rc8 18. Nh5 Qd6 19. exd5 cxd5 20. Qg6 Qd7 21.
Nf4 Nc7 22. h4 Rce8 23. h5 Ne6 24. Nce2 Qd6 25. Nxe6 Rxe6 26. Ng3 Rfe8 27. Rxe6
Rxe6 28. Nf5 Qd7 29. Nxh6+ Kf8 30. Nf5 Qf7 31. Qg3 Nc4 32. Rc1 Ne3 33. Rc8+ 1-0

[Event "Chess Stars 5.0 Rapid"]
[Site "Moscow RUS"]
[Date "2025.06.26"]
[Round "3.4"]
[White "Sadhwani, Raunak"]
[Black "Goryachkina, Aleksandra"]
[Result "1-0"]
[WhiteTitle "GM"]
[BlackTitle "GM"]
[WhiteElo "2672"]
[BlackElo "2533"]
[WhiteFideId "35093487"]
[BlackFideId "4147103"]
[EventDate "2025.06.26"]

1. e4 e5 2. Nf3 Nc6 3. Bc4 Bc5 4. O-O Nf6 5. d3 d6 6. c3 O-O 7. h3 a5 8. Re1 Ba7
9. Bb3 h6 10. Nbd2 Be6 11. Ba4 Qb8 12. Nf1 b5 13. Bc2 b4 14. Ng3 Rd8 15. d4 exd4
16. cxd4 d5 17. e5 Ne4 18. Be3 Qb7 19. Qc1 Nxg3 20. fxg3 Ne7 21. g4 c5 22. Bxh6
cxd4 23. Bd3 Ng6 24. Qg5 Re8 25. Qh5 gxh6 26. Qxh6 Qe7 27. Ng5 Nf8 28. Nh7 f5
29. Nf6+ Kf7 30. gxf5 1-0

[Event "Chess Stars 5.0 Rapid"]
[Site "Moscow RUS"]
[Date "2025.06.26"]
[Round "3.5"]
[White "Hou, Yifan"]
[Black "Karjakin, Sergey"]
[Result "1/2-1/2"]
[WhiteTitle "GM"]
[BlackTitle "GM"]
[WhiteElo "2633"]
[BlackElo "2750"]
[WhiteFideId "8602980"]
[BlackFideId "14109603"]
[EventDate "2025.06.26"]

1. e4 e5 2. Nf3 Nc6 3. Bb5 Nf6 4. O-O Nxe4 5. Re1 Nd6 6. Nxe5 Be7 7. Bf1 Nxe5 8.
Rxe5 O-O 9. d4 Bf6 10. Re1 Re8 11. c3 Rxe1 12. Qxe1 c6 13. Bf4 Ne8 14. Nd2 d5
15. Bd3 g6 16. Qe2 Ng7 17. Re1 Bf5 18. Bxf5 Nxf5 19. h3 Qd7 20. Nf3 Ng7 21. Be5
Re8 22. Qd2 Bd8 23. Bxg7 Kxg7 24. Kf1 Rxe1+ 25. Nxe1 1/2-1/2

[Event "Chess Stars 5.0 Rapid"]
[Site "Moscow RUS"]
[Date "2025.06.27"]
[Round "4.1"]
[White "Gunina, Valentina"]
[Black "Karjakin, Sergey"]
[Result "1/2-1/2"]
[WhiteTitle "GM"]
[BlackTitle "GM"]
[WhiteElo "2416"]
[BlackElo "2750"]
[WhiteFideId "4167570"]
[BlackFideId "14109603"]
[EventDate "2025.06.26"]

1. d4 Nf6 2. c4 e6 3. Nf3 b6 4. g3 c6 5. Bg2 d5 6. O-O Be7 7. Nc3 O-O 8. b3 Ba6
9. Bf4 Nbd7 10. cxd5 cxd5 11. a4 Nh5 12. Bd2 Nhf6 13. Bf4 Nh5 14. Bd2 Bb7 15.
Ne5 Nhf6 16. Bf4 Nxe5 17. dxe5 Nd7 18. e4 Rc8 19. Nb5 dxe4 20. Nxa7 Rc3 21. Nb5
Rd3 22. Qe2 g5 23. Bxe4 Bxe4 24. Qxe4 Nc5 25. Qe2 gxf4 26. Qg4+ Kh8 27. b4 Nb3
28. Ra2 Nd2 29. Rxd2 Rxd2 30. Qxf4 Qd3 31. Nd6 Qd4 32. Qh6 Bxd6 33. Qf6+ 1/2-1/2

[Event "Chess Stars 5.0 Rapid"]
[Site "Moscow RUS"]
[Date "2025.06.27"]
[Round "4.2"]
[White "Goryachkina, Aleksandra"]
[Black "Hou, Yifan"]
[Result "1/2-1/2"]
[WhiteTitle "GM"]
[BlackTitle "GM"]
[WhiteElo "2533"]
[BlackElo "2633"]
[WhiteFideId "4147103"]
[BlackFideId "8602980"]
[EventDate "2025.06.26"]

1. d4 Nf6 2. c4 e6 3. Nf3 d5 4. Nc3 Nbd7 5. cxd5 exd5 6. Bg5 c6 7. e3 Be7 8. Bd3
Ne4 9. Bxe7 Qxe7 10. Qc2 Ndf6 11. O-O Bf5 12. Ne5 O-O 13. a4 Nxc3 14. bxc3 Bxd3
15. Nxd3 Ne4 16. c4 dxc4 17. Ne5 Nd6 18. Nxc4 Rac8 19. Rfc1 h6 20. h3 Rfd8 21.
Nxd6 Rxd6 22. Rab1 Rc7 23. Rb3 Rd5 24. Rc3 Qe6 25. Rc5 Rxc5 26. Qxc5 b6 27. Qc3
c5 28. Qc4 Qxc4 29. Rxc4 Kf8 30. Kf1 Ke7 31. Ke2 Kd6 32. Kd3 a6 33. h4 b5 34.
axb5 axb5 35. dxc5+ Rxc5 36. Rg4 g6 37. f3 h5 38. Rf4 Ke6 39. Re4+ Re5 40. Rb4
Rd5+ 41. Kc3 Rc5+ 42. Kd3 Kd5 43. g4 hxg4 44. fxg4 Ke6 45. g5 Kd6 46. Rf4 Rc7
47. Rd4+ Kc5 48. Rf4 Rb7 49. Kc3 Re7 50. Rf3 Kd5 51. Kb4 Ke4 52. Rh3 Re5 53. h5
gxh5 54. Rxh5 Kxe3 55. Rh7 Rf5 56. Rg7 Kf4 57. Ka5 Ke4 58. Kb4 Kf4 59. Ka5 Ke4
60. Kb4 Kd4 61. Rg8 Ke3 62. g6 fxg6 1/2-1/2

[Event "Chess Stars 5.0 Rapid"]
[Site "Moscow RUS"]
[Date "2025.06.27"]
[Round "4.3"]
[White "Lagno, Kateryna"]
[Black "Sadhwani, Raunak"]
[Result "0-1"]
[WhiteTitle "GM"]
[BlackTitle "GM"]
[WhiteElo "2515"]
[BlackElo "2672"]
[WhiteFideId "14109336"]
[BlackFideId "35093487"]
[EventDate "2025.06.26"]

1. e4 c5 2. b4 cxb4 3. a3 b3 4. c4 Qb6 5. Bb2 e5 6. Nc3 Nf6 7. d3 Nc6 8. Nf3 Bc5
9. Qd2 Ng4 10. Nd5 Qd8 11. h3 Nxf2 12. Rh2 d6 13. g4 O-O 14. Rxf2 Bxf2+ 15. Kxf2
Be6 16. Kg3 Rc8 17. Be2 Bxd5 18. exd5 Ne7 19. Nh4 Nxd5 20. Nf5 Nf4 21. Bf3 b5
22. Rc1 Qf6 23. cxb5 Rxc1 24. Bxc1 g6 25. Ne3 Rc8 26. Bc6 d5 27. Bb2 d4 28. Ng2
Ne6 29. Qb4 Nd8 30. Bf3 Ne6 31. Qxb3 Nf4 32. Nxf4 Qxf4+ 33. Kg2 Qd2+ 0-1

[Event "Chess Stars 5.0 Rapid"]
[Site "Moscow RUS"]
[Date "2025.06.27"]
[Round "4.4"]
[White "Assaubayeva, Bibisara"]
[Black "Radjabov, Teimour"]
[Result "1-0"]
[WhiteTitle "IM"]
[BlackTitle "GM"]
[WhiteElo "2509"]
[BlackElo "2692"]
[WhiteFideId "13708694"]
[BlackFideId "13400924"]
[EventDate "2025.06.26"]

1. e4 e5 2. Nf3 Nf6 3. Nxe5 d6 4. Nf3 Nxe4 5. d4 Be7 6. Bd3 Nf6 7. h3 O-O 8. O-O
Re8 9. Re1 Nbd7 10. Nbd2 Nf8 11. Nf1 c6 12. Ng3 Ng6 13. c3 Bd7 14. Qc2 Nd5 15.
Bd2 a5 16. a3 b5 17. a4 b4 18. c4 Nc7 19. Nf5 Bxf5 20. Bxf5 Bf6 21. g3 Nf8 22.
h4 Nce6 23. Be3 g6 24. Bh3 c5 25. d5 Nd4 26. Bxd4 cxd4 27. Rxe8 Qxe8 28. Re1 Qd8
29. b3 Nd7 30. Bxd7 Qxd7 31. Qe4 d3 32. Qxd3 Re8 33. Rxe8+ Qxe8 34. Qe3 Qd7 35.
Qf4 Kg7 36. Nd4 Bd8 37. Nb5 Be7 38. Qd4+ Bf6 39. Qe4 h5 40. Kg2 Kg8 41. Qf4 Be7
42. Qe3 Bd8 43. Qa7 Qxa7 44. Nxa7 Bb6 45. Nc6 Kg7 46. Kf3 Kf6 47. Ke2 Kf5 48. f3
g5 49. hxg5 Kxg5 50. c5 dxc5 51. d6 f5 52. d7 c4 53. bxc4 f4 54. c5 Bc7 55.
d8=Q+ Bxd8 56. Nxd8 Kf6 57. c6 Ke7 58. Nb7 b3 59. c7 b2 60. c8=Q b1=Q 61. Qc7+
Ke6 62. Qd6+ 1-0

[Event "Chess Stars 5.0 Rapid"]
[Site "Moscow RUS"]
[Date "2025.06.27"]
[Round "5.1"]
[White "Artemiev, Vladislav"]
[Black "Gunina, Valentina"]
[Result "1-0"]
[WhiteTitle "GM"]
[BlackTitle "GM"]
[WhiteElo "2676"]
[BlackElo "2416"]
[WhiteFideId "24101605"]
[BlackFideId "4167570"]
[EventDate "2025.06.26"]

1. Nf3 d5 2. e3 c6 3. b3 Bg4 4. h3 Bxf3 5. Qxf3 Nf6 6. Bb2 e6 7. g3 Bd6 8. Bg2
Nbd7 9. Qe2 Qe7 10. d3 O-O 11. O-O a5 12. a3 e5 13. c4 Nc5 14. Nd2 Rfe8 15. cxd5
cxd5 16. d4 Ncd7 17. dxe5 Bxe5 18. Nf3 Bxb2 19. Qxb2 a4 20. b4 Nb6 21. Qd4 Nc4
22. Nd2 Rac8 23. Rfc1 Red8 24. Nb1 Ne4 25. Nc3 Ned2 26. Nxd5 Qe6 27. Qg4 f5 28.
Qxf5 Qxf5 29. Ne7+ Kf8 30. Nxf5 Nb3 31. Bxb7 Rc7 32. Ba6 Nxa1 33. Rxa1 Nd2 34.
Nd4 Nb3 35. Ne6+ Ke7 36. Nxc7 Nxa1 37. Bb5 Nc2 38. Bxa4 Nxa3 39. Nb5 Ra8 40.
Nxa3 Rxa4 41. Nc2 Kd6 42. b5 Ke5 43. Kg2 Ke4 44. Nd4 Rb4 45. Ne6 g6 46. Ng5+ Kf5
47. Nxh7 g5 48. g4+ Kg6 49. Nf8+ Kf7 50. Nd7 Rxb5 51. f4 Rd5 52. Ne5+ Kf6 53.
Nf3 gxf4 54. exf4 Ra5 55. h4 Ra4 56. Kg3 Ra3 57. h5 Rb3 58. h6 Kg6 59. g5 Ra3
60. Kg4 Ra4 61. Ne5+ Kh7 62. Nc6 Ra6 63. Ne7 Ra4 64. Kh5 Kh8 65. g6 1-0